[Event "FIN-chT2 Gp2 1617"]
[Site "Finland"]
[Date "2017.01.14"]
[Round "5.3"]
[White "Al Hamoud, Malek"]
[Black "Puhtila, Marko"]
[Result "0-1"]
[WhiteElo "1791"]
[BlackElo "2051"]
[PlyCount "90"]
[EventDate "2016.09.17"]
[EventType "team-tourn"]
[EventRounds "7"]
[EventCountry "FIN"]
[SourceTitle "EXT 2019"]
[Source "ChessBase"]
[SourceDate "2018.10.10"]
[SourceVersion "1"]
[SourceVersionDate "2018.10.10"]
[SourceQuality "1"]
[WhiteTeam "Espoo MatSK III"]
[BlackTeam "Turku AS"]
[WhiteTeamCountry "FIN"]
[BlackTeamCountry "FIN"]

1. e4 d5 2. exd5 Nf6 3. d4 Bg4 4. f3 Bf5 5. c4 e6 6. dxe6 Nc6 7. exf7+ Kxf7 8. Be3 Bb4+ 9. Nc3 Re8 10. Kf2 Rxe3 11. Kxe3 Qe7+ 12. Kf2 Re8 13. Be2 Qe3+ 14. Kf1 Nxd4 15. Nd5 Nxd5 16. cxd5 Nxe2 17. d6 Nd4 18. g3 Bxd6 19. Kg2 Kg8 20. Rc1 Ne2 21. Rc4 Nxg1 22. Rxg1 Qe2+ 23. Qxe2 Rxe2+ 24. Kh1 Rxb2 25. Rg2 Rb5 26. Rd2 a5 27. Kg2 Rb4 28. Rc3 a4 29. h4 Rb6 30. h5 h6 31. g4 Be6 32. Re2 Bd7 33. a3 Rb3 34. Ree3 Rb2+ 35. Kf1 b5 36. Re2 Rxe2 37. Kxe2 Be6 38. Ke3 Bb3 39. f4 Bxa3 40. Rxc7 Bc4 41. Ke4 Bb2 42. g5 hxg5 43. fxg5 a3 44. g6 Kh8 45. h6 gxh6 0-1